| 000 | 00665nam a22002417a 4500 | ||
|---|---|---|---|
| 003 | UA-OsUOA | ||
| 001 | 20689 | ||
| 007 | ta | ||
| 008 | 20031103b un ||||| |||| 00| 0 ukr d | ||
| 100 | _aИванов Всеволод | ||
| 090 |
_a355:929 _bИ20 |
||
| 942 | _cBK | ||
| 040 |
_aUA-OsUOA _brus _cUA-OsUOA _dUA-OsUOA |
||
| 245 | _aАлександр Яковлевич Пархоменко | ||
| 300 | _a24 с. | ||
| 955 | _a0 | ||
| 041 | _arus | ||
| 080 | _a355:929 | ||
| 260 |
_aМосква _bВоенное издательство министерства обороны Союза ССР _c1953 |
||
| 044 | _aRU | ||
| 650 | 7 | _2UDC | |
| 999 |
_c306869 _d306869 |
||